Từ điển cho người lập trình máy tính = Que's computer programmer's dictionary

Sách cung cấp những định nghĩa rõ ràng, đầy đủ về các khái niệm khó hiểu và quan trọng nhất trong lập trình máy tính. Ngoài ra, sách còn cung cấp thông tin về các thủ thuật để làm việc với máy tính nhanh khéo hơn, các sơ đồ tương hợp của...

Szczegółowa specyfikacja

Zapisane w:
Opis bibliograficzny
1. autor: Weisert, Conrad
Format: Książka
Język:Undetermined
Wydane: Hà Nội Khoa học và Kỹ thuật 1995
Hasła przedmiotowe:
Etykiety: Dodaj etykietę
Nie ma etykietki, Dołącz pierwszą etykiete!
Thư viện lưu trữ: Trung tâm Học liệu Trường Đại học Cần Thơ
LEADER 01175nam a2200229Ia 4500
001 CTU_32859
008 210402s9999 xx 000 0 und d
020 |b 41.000đ 
082 |a 005.03 
082 |b W427 
100 |a Weisert, Conrad 
245 0 |a Từ điển cho người lập trình máy tính = 
245 0 |b Que's computer programmer's dictionary 
245 0 |c Conrad Weisert 
260 |a Hà Nội 
260 |b Khoa học và Kỹ thuật 
260 |c 1995 
520 |a Sách cung cấp những định nghĩa rõ ràng, đầy đủ về các khái niệm khó hiểu và quan trọng nhất trong lập trình máy tính. Ngoài ra, sách còn cung cấp thông tin về các thủ thuật để làm việc với máy tính nhanh khéo hơn, các sơ đồ tương hợp của ngôn ngữ, cũng như thông tin mới nhất về phân tích các sản phẩm khác bao gồm Borland, C++, C/C++7 và Visual Basic 
650 |a Computer programming 
650 |x Terminology 
904 |i Minh 
980 |a Trung tâm Học liệu Trường Đại học Cần Thơ